| 000 | 00503nam a2200133Ia 4500 | ||
|---|---|---|---|
| 008 | 220216s9999 xx 000 0 und d | ||
| 100 | _aMohanachandran Nair S | ||
| 245 | 0 | _aMeasures for energy conservation in TSR factories | |
| 260 | _bIn Seminar on technically specified rubber. Organised by the Department of Processing and Product Development, Rubber Board, Kottayam, January 4, 1994 | ||
| 650 | _aEnergy conservation | ||
| 650 | _aTSR factories | ||
| 700 | _aUnnikrishna Panicker N | ||
| 942 | _cJS | ||
| 999 |
_c62683 _d62683 |
||